000 00424nam a2200181Ia 4500
001 12839
005 20260306163010.0
008 260306t2002||||xx |||||||||||||| ||spa||
041 _aESP
082 _aRD 344.03
_bB86
100 _aBucallo Rivera, Patricia
_eAUT
245 0 _aDiccionario jurídico
260 _c2002
300 _a230 páginas :
_ccm.
650 _aGEN
654 _aCDE
942 _cDIC
_dJUS
_fJUS
_2ddc
_n
999 _c12839
_d12839